| 000 -LEADER |
| fixed length control field |
01501pab a2200169 454500 |
| 008 - FIXED-LENGTH DATA ELEMENTS--GENERAL INFORMATION |
| fixed length control field |
180718b1999 xxu||||| |||| 00| 0 eng d |
| 100 ## - MAIN ENTRY--PERSONAL NAME |
| Personal name |
Vijay, R. |
| 245 ## - TITLE STATEMENT |
| Title |
Modeling migrant native contracts |
| 260 ## - PUBLICATION, DISTRIBUTION, ETC. |
| Date of publication, distribution, etc. |
1999 |
| 300 ## - PHYSICAL DESCRIPTION |
| Extent |
p.238-44 |
| 362 ## - DATES OF PUBLICATION AND/OR SEQUENTIAL DESIGNATION |
| Dates of publication and/or sequential designation |
Sep |
| 520 ## - SUMMARY, ETC. |
| Summary, etc. |
An interesting feature witnessed in Andhra Pradesh (AP) is the out-migration of peasants from their village of origin to areas with `potential' for assured water supply. These migrations introduced new crops into the area that they have migrated to. It is generally seen that initially the contracts between migrant and native are sale/purchange contracts. Tenancy contracts become more important after a point of time, and within this broad category there is a shift from fixed rental contracts being more widely prevalent form to share tenancy over time. An explanation of the above feature is attempted in this paper. The explanation of the heterogeneity in the contracts is based on differences in the information set on cultivation practices between migrant and native. Here, we assume that the native learn the process of cultivation by viewing the migrant cultivate and in the process reducing the difference in information between the migrant and native. Here, we postulate that the nature of contracts would depend on differences in information between migrant and native. - Reproduced |
| 650 ## - SUBJECT ADDED ENTRY--TOPICAL TERM |
| Topical term or geographic name entry element |
Migrant workers - India - Andhra Pradesh |
| 650 ## - SUBJECT ADDED ENTRY--TOPICAL TERM |
| Topical term or geographic name entry element |
Migrant workers |
| 773 ## - HOST ITEM ENTRY |
| Main entry heading |
Artha Vijnana |
| 909 ## - |
| -- |
44588 |